000 00601cam a22002173a 4500
001 41107
003 PGUSA
005 20140828083927.0
008 121018s2012||||xxu|||||s|||||000 | eng d
040 _aPGUSA
_beng
042 _adc
100 1 _aBottome, Phyllis,
_d1884-1963
245 1 4 _aThe Second Fiddle
_h[electronic resource] /
_cPhyllis Bottome
260 _bProject Gutenberg,
_c2012
506 _aPublic domain in the USA.
516 _aElectronic text
700 1 _aPrice, Norman
830 0 _aProject Gutenberg
_v41107
856 4 0 _uhttp://www.gutenberg.org/ebooks/41107
942 _cEB
999 _c270359
_d270359